LEADER 01233nam0-2200397li-450 001 990000247110203316 005 20180312154727.0 010 $a1-55558-015-7 035 $a0024711 035 $aUSA010024711 035 $a(ALEPH)000024711USA01 035 $a0024711 100 $a20001109d1989----km-y0itay0103----ba 101 0 $aeng 102 $aUS 200 1 $aComputer programming and architecture$ethe VAX$fHenry M. Levy, Richard H. Eckhouse, Jr. 205 $a2nd ed 210 $aBedford (Mass.)$cDigital Press$dcopyr. 1989 215 $aXIX, 444 p.$cill.$d24 cm 610 1 $aarchitettura degli elaboratori 610 1 $asistemi operativi$aprogrammazione 610 1 $avax (elaboratore elettronico) 676 $a005245$9. 700 1$aLevy,$bHenry M.$0746461 702 1$aEckhouse,$bRichard H.,$bjr. 801 $aSistema bibliotecario di Ateneo dell' Università di Salerno$gRICA 912 $a990000247110203316 951 $a005.245 LEV$b0000800 959 $aBK 969 $aTEC 979 $c19910510 979 $c20001110$lUSA01$h1715 979 $c20020403$lUSA01$h1633 979 $aPATRY$b90$c20040406$lUSA01$h1618 996 $aComputer programming and architecture$91490016 997 $aUNISA LEADER 01027nam a22002531i 4500 001 991001796689707536 005 20040402084547.0 008 040407s1973 it a||||||||||||||||ita 035 $ab1282480x-39ule_inst 035 $aARCHE-080442$9ExL 040 $aDip.to Scienze Storiche$bita$cA.t.i. Arché s.c.r.l. Pandora Sicilia s.r.l. 082 04$a914.58 100 1 $aDi Blasi, Alberto$032859 245 13$aUn contributo alla geografia applicata :$bla ripartizione altimetrica del territorio siciliano /$cDi Blasi Alberto 260 $aGenova :$bF.lli Bozzi,$c1973 300 $a29, [29] p. :$bill. ;$c24 cm +$e3 c. geogr. ripieg 440 0$aStudi geografici 651 4$aSicilia$xAltimetria 907 $a.b1282480x$b02-04-14$c16-04-04 912 $a991001796689707536 945 $aLE009 GEOG.14.437-5/3$g1$i2009000381292$lle009$o-$pE0.00$q-$rl$s- $t0$u0$v0$w0$x0$y.i13375829$z16-04-04 996 $aContributo alla geografia applicata$9299598 997 $aUNISALENTO 998 $ale009$b16-04-04$cm$da $e-$fita$git $h3$i1 LEADER 03899nam 22005655 450 001 9910800111503321 005 20251008153608.0 010 $a9789819978106$b(electronic bk.) 010 $a9819978106$b(electronic bk.) 024 7 $a10.1007/978-981-99-7810-6 035 $a(OCoLC)1418942762 035 $a(CKB)30005861000041 035 $a(MiAaPQ)EBC31072102 035 $a(DE-He213)978-981-99-7810-6 035 $a(EXLCZ)9930005861000041 100 $a20240116d2023 u| 0 101 0 $aeng 135 $auraz#---auuuu 181 $ctxt$2rdacontent 182 $cc$2rdamedia 183 $acr$2rdacarrier 200 10$aAmerican Monetary Policy Adjustment and Its Impacts /$fby Liu Weiping 205 $a1st ed. 2023. 210 1$aSingapore :$cSpringer Nature Singapore :$cImprint: Palgrave Macmillan,$d2023. 215 $a1 online resource (xxxviii, 431 pages) $cillustrations (some color) 311 08$a9789819978090 320 $aIncludes bibliographical references and index. 327 $aPart 1: Problems, Theories and Analyses -- Chapter 1: Introduction -- Chapter 2: Theories Related to Monetary Policy and Its Adjustment -- Chapter 3: A Walk-Through and Analysis of U.S. Monetary Policy -- Part 2: Impact of U.S. Monetary Policy Adjustments -- Chapter 4: Direct Impact of U.S. Monetary Policy Adjustments on International Monetary Policy -- Chapter 5: Effects of U.S. Monetary Policy Adjustments on the World Economy -- Chapter 6: Impact of U.S. Monetary Policy Adjustments on China's Economy -- Chapter 7: Impact of U.S. Interest Rate Cuts and Tariffs on China's Economy -- Chapter 8: Dollarization and Monetary Policy Spillovers -- Chapter 9: Impact of Continued U.S. Interest Rate Hikes on the RMB Exchange Rate and China's Countermeasures -- Part 3: China's Strategic Choices -- Chapter 10: China's Strategic Choices for Monetary Policy and Economic Adjustment -- Chapter 11: China's Economic Adjustment and Rebalancing: Challenges and Strategies -- Chapter 12: Global Financial Changes and China's Monetary Policy in the New Era. . 330 $aThis book reviews the historical evolution of U.S. monetary policy, and then uses various methods such as mathematical models and econometric analysis to study the impact of U.S. monetary policy adjustments on the domestic economy and the spillover effects on the world economy. Finally, it summarizes the challenges faced by the Chinese economy in the post-financial crisis era and proposes relevant countermea­sures and suggestions for China to respond to U.S. monetary policy adjustments. Liu Weiping, born in Changsha, Hunan province, is a researcher with China Develo­pment Bank. He holds a Ph.D. in law from the Department of Sociology, Tsinghua University, presides over Professor John L. Thornton?s Global Leadership Program, and holds a M.A. in management; he holds a Ph.D. in economics and a B.A. from and is a dual-employed professor of law and economics at the Department of World Economics, Wuhan University; he is a visiting scholar and researcher at the MIT Sloan School of Management and School of History. 606 $aMacroeconomics 606 $aInternational economic relations 606 $aEconomics 606 $aMacroeconomics and Monetary Economics 606 $aInternational Economics 606 $aPolitical Economy and Economic Systems 615 0$aMacroeconomics. 615 0$aInternational economic relations. 615 0$aEconomics. 615 14$aMacroeconomics and Monetary Economics. 615 24$aInternational Economics. 615 24$aPolitical Economy and Economic Systems. 676 $a332.4973 700 $aWeiping$b Liu$01063782 801 0$bMiAaPQ 801 1$bMiAaPQ 801 2$bMiAaPQ 906 $aBOOK 912 $a9910800111503321 996 $aAmerican Monetary Policy Adjustment and Its Impacts$93876744 997 $aUNINA